| 000 | 004150000a22001690004500 | ||
|---|---|---|---|
| 003 | MACL | ||
| 005 | 20151222170801.0 | ||
| 008 | 151222b xxu||||| |||| 00| 0 eng d | ||
| 040 |
_aMACL _cMACL |
||
| 041 | _aEnglish | ||
| 082 | _a759/PHA | ||
| 100 |
_aGaunt, William _922262 |
||
| 245 | _aRenoir | ||
| 260 |
_bPhaidon Press Ltd _c1978 _aBritain |
||
| 650 |
_aPainting & Paintings _97566 |
||
| 942 |
_cBK _k759/PHA _2ddc |
||
| 999 |
_c40838 _d40838 |
||